000 01225nam0a2200337 4500
001 RU\NLR\bibl\83041
005 20260406154028.0
010 _a5-88475-371-3
_915000
021 _aRU
_b2000-1020
_955
035 _a(NLR Aleph) 000081097
090 _a451534
_c451534
100 _a20000428d1999 |||y0rusy50 ca
101 0 _arus
102 _aRU
105 _ay |||||||||
200 1 _aПространство любви
_eСуществую для тех, для кого существую
_fВладимир Мегре
210 _aРостов н/Д
_cПроф-Пресс
_d1999
215 _a384 с.
_d21
225 1 _aЗвенящие кедры России
_vКн. 3
600 0 _aАнастасия
_92078895
_3RU\NLR\AUTH\661254762
606 1 _a"Звенящие кедры России", религиозное движение
_92406070
_3RU\NLR\AUTH\6601653319
686 _aЮ96
686 1 _aЭ231.92
700 1 _4070
_8rus
_7ca
_aМегре
_bВ. Н.
_f1950-
_gВладимир Николаевич
_3RU\NLR\auth\776718
_9116667
801 0 _aRU
_bNLR
_c20000428
_gPSBO
801 1 _aRU
_bNLR
_c20000428
852 _aNLR
_j2000-3/2012
942 _cBOOK
980 _aNB